Yonder: how far must I run ! / (Record no. 168262)
[ view plain ]
| 000 -LEADER | |
|---|---|
| fixed length control field | 00569nam a22001937a 4500 |
| 005 - DATE AND TIME OF LATEST TRANSACTION | |
| control field | 20191023142239.0 |
| 010 ## - LCCN (DPL NO) | |
| LC control number | B-730468 |
| 020 ## - INTERNATIONAL STANDARD BOOK NUMBER | |
| International Standard Book Number | 9789387230200 |
| Terms of availability | 199.00 |
| 035 ## - SYSTEM CONTROL NUMBER | |
| System control number | B-730468 |
| 037 ## - SOURCE OF ACQUISITION | |
| Stock number | DPL |
| Source of stock number/acquisition | Pancy |
| 082 ## - DEWEY DECIMAL CLASSIFICATION NUMBER | |
| Classification number | N |
| 100 ## - MAIN ENTRY--PERSONAL NAME | |
| Personal name | Dhawan, Nidhi |
| 245 ## - TITLE STATEMENT | |
| Title | Yonder: how far must I run ! / |
| Remainder of title | by Nidhi Dhawan |
| 260 ## - PUBLICATION, DISTRIBUTION, ETC. (IMPRINT) | |
| Place of publication, distribution, etc | New Delhi |
| Name of publisher, distributor, etc | Pigeon Books India |
| Date of publication, distribution, etc | 2019 |
| 270 ## - ADDRESS | |
| Address | 16, Ansari Road,Daryaganj, |
| City | New Delhi |
| Postal code | 110002 |
| 300 ## - PHYSICAL DESCRIPTION | |
| Extent | 199p. |
| Other physical details | 20cm.(pbk) |
| 942 ## - ADDED ENTRY ELEMENTS (KOHA) | |
| Source of classification or shelving scheme | Dewey Decimal Classification |
| Item type | Children Books |
| Classification part | N |
| Call number suffix | DHA |
| Withdrawn status | Lost status | Not for loan | Collection code | Home library | Current library | Date acquired | Source of acquisition | Cost, normal purchase price | Full call number | Barcode | Copy number | Cost, replacement price | Koha item type |
|---|---|---|---|---|---|---|---|---|---|---|---|---|---|
| Fiction | Sarojini Nagar | Sarojini Nagar | 01/10/2019 | Gift/ Eng /26.09.2019 | 199.00 | N DHA | B-730468 | 1 | 199.00 | Children Books |
